Foreigner's God - Hozier (All Lyrics) - Statistics

General Stats
  • This quiz has been taken 18 times
  • The average score is 162 of 228
Answer Stats
Lyrics % Correct
The
100%
the
100%
a
92%
for
92%
foreign
92%
foreigner's
92%
God
92%
I
92%
name
92%
of
92%
Screamin'
92%
expression
83%
grief
83%
purest
83%
and
67%
And
67%
in
67%
is
67%
Is
67%
it
67%
She
67%
to
67%
Who
67%
who
67%
Her
58%
her
58%
me
58%
no
58%
shameless
58%
When
58%
with
58%
With
58%
wonder
58%
all
50%
All
50%
Always
50%
But
50%
do
50%
free
50%
godless
50%
hate
50%
if
50%
land
50%
left
50%
man's
50%
moved
50%
my
50%
other
50%
perfect
50%
some
50%
that
50%
thunder
50%
was
50%
been
42%
beliefs
42%
body
42%
broken
42%
creature
42%
dressed
42%
empty
42%
every
42%
eyes
42%
heart
42%
heavy
42%
Into
42%
I've
42%
look
42%
Never
42%
parts
42%
rarely
42%
say
42%
seen
42%
sharp
42%
spare
42%
steady
42%
Still,
42%
well
42%
word
42%
arms
33%
Breakin'
33%
charm
33%
control
33%
conveying
33%
copy
33%
feels
33%
fraud
33%
got
33%
language
33%
love
33%
make
33%
Musterin'
33%
rod
33%
safety
33%
taught
33%
tender
33%
try
33%
Wonderin'
33%
wouldn't
33%
Since
25%
brought
17%
liar
17%
quake
17%
No matching quizzes found
Score Distribution
Percent of People with Each Score
Percentile by Number Answered
Your Score History
You have not taken this quiz